डॉ. भीमराव अम्बेडकर एवं दलीतोद्धार कोश (Record no. 1490806)
[ view plain ]
| 000 -LEADER | |
|---|---|
| fixed length control field | 01277 a2200229 4500 |
| 005 - DATE AND TIME OF LATEST TRANSACTION | |
| control field | 20260306154258.0 |
| 008 - FIXED-LENGTH DATA ELEMENTS--GENERAL INFORMATION | |
| fixed length control field | 260306b |||||||| |||| 00| 0 eng d |
| 020 ## - INTERNATIONAL STANDARD BOOK NUMBER | |
| International Standard Book Number | 9789388514149 (सेट) (hbk) |
| 037 ## - SOURCE OF ACQUISITION | |
| Terms of availability | REF |
| 040 ## - CATALOGING SOURCE | |
| Original cataloging agency | CRL |
| Transcribing agency | CRL |
| 041 ## - LANGUAGE CODE | |
| Source of code | hin |
| Language code of text/sound track or separate title | hin |
| 084 ## - COLON CLASSIFICATION NUMBER | |
| Classification number | V2y7M91k R0.1-.5 (RR) |
| Assigning agency | CRL |
| 100 ## - MAIN ENTRY--PERSONAL NAME | |
| Personal name | बैरवा, जयराम |
| 9 (RLIN) | 898303 |
| 245 ## - TITLE STATEMENT | |
| Title | डॉ. भीमराव अम्बेडकर एवं दलीतोद्धार कोश |
| 260 ## - PUBLICATION, DISTRIBUTION, ETC. | |
| Name of publisher, distributor, etc. | पैराडाइज पब्लिशर्स, |
| Date of publication, distribution, etc. | 2020. |
| Place of publication, distribution, etc. | जयपुर, भारत: |
| 300 ## - PHYSICAL DESCRIPTION | |
| Extent | भाग 1 (1-244पृ.), भाग 2 (1-250पृ.), भाग 3 (1-250पृ.), भाग 4 (1-249पृ.), भाग 5 (1-250पृ.) |
| 365 ## - TRADE PRICE | |
| Price amount | 9975.00 |
| Currency code | INR |
| 650 ## - SUBJECT ADDED ENTRY--TOPICAL TERM | |
| Topical term or geographic name entry element | डॉ. भीम राव अम्बेडकर |
| 9 (RLIN) | 1127218 |
| 650 ## - SUBJECT ADDED ENTRY--TOPICAL TERM | |
| Topical term or geographic name entry element | दलित कोश |
| 9 (RLIN) | 1127219 |
| 942 ## - ADDED ENTRY ELEMENTS (KOHA) | |
| Koha item type | Textbook |
| Source of classification or shelving scheme | Colon Classification (CC) |
| Classification part | V2y7M91k R0.1-.5 (RR) |
| Withdrawn status | Lost status | Source of classification or shelving scheme | Damaged status | Not for loan | Home library | Current library | Date acquired | Source of acquisition | Cost, normal purchase price | Serial Enumeration / chronology | Inventory number | Total Checkouts | Full call number | Barcode | Date last seen | Cost, replacement price | Price effective from | Koha item type |
|---|---|---|---|---|---|---|---|---|---|---|---|---|---|---|---|---|---|---|
| Colon Classification (CC) | Not For Loan | Central Library | Central Library | 2026-02-06 | 117/ एकैडमिक पब्लिकेशन्स | 1995.00 | खंड - 1 | 0103 & 2026-01-19 | V2y7M91k R0.1 | CL1925878 | 2026-02-06 | 9975.00 | 2026-02-06 | Reference | ||||
| Colon Classification (CC) | Not For Loan | Central Library | Central Library | 2026-01-16 | 117/ एकैडमिक पब्लिकेशन्स | 1995.00 | खंड - 2 | 0103 & 2026-01-19 | V2y7M91k R0.2 | CL1925879 | 2026-01-16 | 9975.00 | 2026-01-16 | Reference | ||||
| Colon Classification (CC) | Not For Loan | Central Library | Central Library | 2026-01-16 | 117/ एकैडमिक पब्लिकेशन्स | 1995.00 | खंड - 3 | 0103 & 2026-01-19 | V2y7M91k R0.3 | CL1925880 | 2026-01-16 | 9975.00 | 2026-01-16 | Reference | ||||
| Colon Classification (CC) | Not For Loan | Central Library | Central Library | 2026-01-16 | 117/ एकैडमिक पब्लिकेशन्स | 1995.00 | खंड - 4 | 0103 & 2026-01-19 | V2y7M91k R0.4 | CL1925881 | 2026-01-16 | 9975.00 | 2026-01-16 | Reference | ||||
| Colon Classification (CC) | Not For Loan | Central Library | Central Library | 2026-01-16 | 117/ एकैडमिक पब्लिकेशन्स | 1995.00 | खंड - 5 | 0103 & 2026-01-19 | V2y7M91k R0.5 | CL1925882 | 2026-01-16 | 9975.00 | 2026-01-16 | Reference |
